000 00541nam a2200169Ia 4500
008 151213s9999 xx 000 0 und d
020 _a978-81-3172724-9
100 _aRonald J. Tocci, Neal .S. Khidmah & Gregory D. Moss
245 _aDigital Systems Principles and Applications
_cRonald J. Tocci, Neal .S. Khidmah & Gregory D. Moss
250 _a10th
260 _aNew Delhi
_bPearson
_c2009
300 _a7351 p.
650 _aE E E
650 _ascience
700 _aRonald J. Tocci, Neal .S. Khidmah & Gregory D. Moss
999 _c3906
_d3906